[Event "TUR Cup										"]
[Site "Antalya"]
[Date "2018.02.03"]
[Round "11"]
[White "Samani, Yamac"]
[Black "Karaahmetoglu, Ege"]
[Result "1-0"]
[WhiteElo "2268"]
[BlackElo "2061"]
[PlyCount "145"]
[EventDate "2018.01.27"]
[EventType "swiss"]
[EventRounds "11"]
[EventCountry "TUR"]
[SourceTitle "CBM 182 Extra"]
[Source "ChessBase"]
[SourceDate "2018.02.23"]
[SourceVersion "1"]
[SourceVersionDate "2018.02.23"]
[SourceQuality "1"]

1. d4 Nf6 2. Bf4 d5 3. c3 e6 4. e3 c5 5. Nd2 Nc6 6. Ngf3 Be7 7. Bd3 0-0 8. 0-0 h6 9. Ne5 Nxe5 10. dxe5 Nd7 11. Qg4 Bg5 12. Bg3 f5 13. exf6 Nxf6 14. Qe2 Nd7 15. Nf3 Be7 16. e4 Nf6 17. Rad1 Bd7 18. Rfe1 dxe4 19. Bxe4 Nxe4 20. Qxe4 Qc8 21. Ne5 Be8 22. Nc4 Bc6 23. Qg6 Rf6 24. Qg4 Qe8 25. Ne5 Bf8 26. c4 Rc8 27. h3 Rf5 28. Re3 Rf6 29. Red3 b6 30. Bh4 Rf5 31. Nxc6 Qxc6 32. b3 Re8 33. Qg6 Rf7 34. Re1 Rf4 35. Bg3 Rf6 36. Qh5 Rf5 37. Qd1 Rg5 38. Rd7 h5 39. h4 Rf5 40. Rxa7 e5 41. Rd7 e4 42. Rd5 Qg6 43. Rxf5 Qxf5 44. Qd5+ Qf7 45. f3 e3 46. Qxf7+ Kxf7 47. Bf4 Ra8 48. Re2 Be7 49. g3 Bf6 50. Bxe3 Rd8 51. Rd2 Re8 52. Kf2 Ke6 53. Rd5 g6 54. Ke2 Ra8 55. a4 Re8 56. Bf4 Re7 57. Kd2 Rd7 58. Rxd7 Kxd7 59. Kd3 Kc6 60. Ke4 Bc3 61. Be5 Be1 62. Bf4 Bc3 63. Bg5 Kd6 64. Bd8 Ba5 65. g4 Kd7 66. Bg5 Ke6 67. gxh5 gxh5 68. f4 Be1 69. Bd8 Kd7 70. Bxb6 Bxh4 71. Bxc5 Bg3 72. f5 h4 73. Kf3 1-0

[Event "TUR Cup										"]
[Site "Antalya"]
[Date "2018.01.30"]
[Round "5"]
[White "Ozdemir, Serhan Berat"]
[Black "Karaahmetoglu, Ege"]
[Result "0-1"]
[WhiteElo "1747"]
[BlackElo "2061"]
[PlyCount "96"]
[EventDate "2018.01.27"]
[EventType "swiss"]
[EventRounds "11"]
[EventCountry "TUR"]
[SourceTitle "CBM 182 Extra"]
[Source "ChessBase"]
[SourceDate "2018.02.23"]
[SourceVersion "1"]
[SourceVersionDate "2018.02.23"]
[SourceQuality "1"]

1. c4 Nf6 2. Nc3 e5 3. g3 Bb4 4. Bg2 0-0 5. a3 Bxc3 6. bxc3 c6 7. d4 d6 8. Qc2 Re8 9. Nh3 h6 10. f3 Be6 11. Qd3 Qa5 12. 0-0 Qa6 13. c5 Bc4 14. Qf5 Bxe2 15. Bxh6 Qd3 16. Qxd3 Bxd3 17. Rfd1 Be2 18. Re1 exd4 19. Bg5 dxc5 20. Bxf6 gxf6 21. Nf4 d3 22. Nxd3 Nd7 23. Nf4 Bc4 24. Rad1 Rxe1+ 25. Rxe1 Kf8 26. Nh5 Be6 27. f4 Bg4 28. Rb1 Rb8 29. Nxf6 Nxf6 30. Bxc6 b6 31. Kf2 Rd8 32. Ke3 Rd6 33. Bg2 Re6+ 34. Kf2 Re2+ 35. Kf1 Rc2 36. h3 Be6 37. g4 Bd5 38. Bxd5 Nxd5 39. f5 Rxc3 40. Kf2 Rxh3 41. Rd1 Ne3 42. Rg1 Nxg4+ 43. Rxg4 Rxa3 44. f6 Rh3 45. Ke2 a6 46. Rg5 Rh6 47. Rf5 Ke8 48. Re5+ Kd8 0-1

[Event "Paracin Summer op-A 10th"]
[Site "Paracin"]
[Date "2017.07.12"]
[Round "7.39"]
[White "Karaahmetoglu, Ege"]
[Black "Taylor, Adam C"]
[Result "1/2-1/2"]
[WhiteElo "2034"]
[BlackElo "2265"]
[PlyCount "44"]
[EventDate "2017.07.07"]
[EventType "swiss"]
[EventRounds "9"]
[EventCountry "SRB"]
[SourceTitle "EXT 2018"]
[Source "ChessBase"]
[SourceDate "2017.10.13"]
[SourceVersion "1"]
[SourceVersionDate "2017.10.13"]
[SourceQuality "1"]

1. e4 e5 2. Nf3 Nc6 3. Bb5 Nge7 4. c3 a6 5. Ba4 g6 6. d4 exd4 7. cxd4 b5 8. Bb3 Bg7 9. Nc3 0-0 10. 0-0 d6 11. h3 Na5 12. Bc2 c5 13. b3 Qc7 14. Ne2 Nec6 15. Bb2 Nb4 16. a3 Nxc2 17. Qxc2 Re8 18. Ng3 Ra7 19. d5 Bxb2 20. Qxb2 c4 21. b4 Nb3 22. Rae1 Qd8 1/2-1/2

[Event "Manavgat Turkey Cup"]
[Site "Manavgat"]
[Date "2016.01.31"]
[Round "3"]
[White "Gokerkan, Cem Kaan"]
[Black "Karaahmetoglu, Ege"]
[Result "1-0"]
[WhiteElo "2220"]
[BlackElo "2017"]
[PlyCount "103"]
[EventDate "2016.01.30"]
[EventType "swiss"]
[EventRounds "11"]
[EventCountry "TUR"]
[SourceTitle "CBM 170 Extra"]
[Source "ChessBase"]
[SourceDate "2016.02.25"]
[SourceVersion "1"]
[SourceVersionDate "2016.02.25"]
[SourceQuality "1"]

1. e4 e5 2. Nc3 Nf6 3. g3 d5 4. exd5 Nxd5 5. Bg2 Nxc3 6. bxc3 Bd6 7. Nf3 Nc6 8. 0-0 0-0 9. Rb1 Rb8 10. d4 Bg4 11. h3 Bh5 12. g4 Bg6 13. dxe5 Nxe5 14. Nxe5 Bxe5 15. Qxd8 Rfxd8 16. f4 Bxc2 17. Rb2 Bd3 18. fxe5 Bxf1 19. Bxf1 Rd1 20. Bf4 b6 21. Kf2 Rbd8 22. Be2 R1d5 23. Ke3 Rc5 24. Rc2 Kf8 25. h4 Ra5 26. h5 h6 27. Bc4 c5 28. Be2 Ra3 29. g5 hxg5 30. Bxg5 Re8 31. Kf4 c4 32. h6 gxh6 33. Bxh6+ Ke7 34. Kf5 b5 35. Bg5+ Kd7 36. Bh5 Rf8 37. Rd2+ Kc7 38. Be7 Rh8 39. Bxa3 Rxh5+ 40. Kf6 Rh3 41. Kxf7 Rxc3 42. Bd6+ Kc6 43. Bb4 Rf3+ 44. Ke7 Re3 45. e6 c3 46. Rd6+ Kc7 47. Rd1 Kc6 48. Kf7 c2 49. Rc1 Rf3+ 50. Ke8 Rf2 51. Kd8 a5 52. e7 1-0

[Event "TUR-chT"]
[Site "Kocaeli"]
[Date "2015.08.14"]
[Round "12.2"]
[White "Karaahmetoglu, Ege"]
[Black "Tasdogen, Dincer"]
[Result "1/2-1/2"]
[WhiteElo "2032"]
[BlackElo "1957"]
[PlyCount "101"]
[EventDate "2015.08.04"]
[EventType "team-tourn"]
[EventRounds "13"]
[EventCountry "TUR"]
[SourceTitle "CBM 167 Extra"]
[Source "ChessBase"]
[SourceDate "2015.09.14"]
[SourceVersion "1"]
[SourceVersionDate "2015.09.14"]
[SourceQuality "1"]
[WhiteTeam "Ankara Demirspor"]
[BlackTeam "Calli Spor"]
[WhiteTeamCountry "TUR"]
[BlackTeamCountry "TUR"]

1. e4 c5 2. Nf3 e6 3. c3 d5 4. exd5 Qxd5 5. d4 Nf6 6. Be2 Nc6 7. Be3 cxd4 8. cxd4 Be7 9. Nc3 Qd6 10. 0-0 0-0 11. Rc1 Bd7 12. Qd2 Nd5 13. Nxd5 Qxd5 14. Bc4 Qa5 15. Qe2 Bf6 16. Rfd1 Ne7 17. Ne5 Bxe5 18. dxe5 Bc6 19. Bd2 Qb6 20. Bg5 Qc7 21. b4 a6 22. a4 Bxa4 23. Bb3 Bc6 24. Bc2 Ng6 25. Rd6 Qb6 26. Rb1 Qb5 27. Qxb5 Bxb5 28. Re1 Rac8 29. Be4 Rc7 30. Bd8 Rc4 31. Ba5 Nxe5 32. Bxb7 Nc6 33. Bxc6 Rxc6 34. Rxc6 Bxc6 35. Rc1 Rc8 36. f3 f6 37. Kf2 Kf7 38. Ke3 e5 39. Bb6 Ke6 40. g3 Bb7 41. Rxc8 Bxc8 42. Kd3 Bb7 43. Ke3 Kf5 44. h3 h5 45. h4 g5 46. Bc7 gxh4 47. gxh4 Ke6 48. Bd8 Bc6 49. f4 e4 50. Bb6 Kf5 51. Bd8 1/2-1/2

[Event "TUR-chT"]
[Site "Kocaeli"]
[Date "2015.08.12"]
[Round "10.1"]
[White "Moiseenko, Alexander"]
[Black "Karaahmetoglu, Ege"]
[Result "1-0"]
[WhiteElo "2710"]
[BlackElo "2032"]
[PlyCount "70"]
[EventDate "2015.08.04"]
[EventType "team-tourn"]
[EventRounds "13"]
[EventCountry "TUR"]
[SourceTitle "CBM 167 Extra"]
[Source "ChessBase"]
[SourceDate "2015.09.14"]
[SourceVersion "1"]
[SourceVersionDate "2015.09.14"]
[SourceQuality "1"]
[WhiteTeam "Kayseri Seker"]
[BlackTeam "Ankara Demirspor"]
[WhiteTeamCountry "TUR"]
[BlackTeamCountry "TUR"]

1. d4 d5 2. c4 c6 3. Nf3 Nf6 4. Nc3 dxc4 5. a4 Bf5 6. Nh4 e6 7. Nxf5 exf5 8. e3 Bb4 9. Bxc4 0-0 10. Qc2 g6 11. 0-0 Nbd7 12. f3 Nb6 13. Bb3 f4 14. a5 Nc8 15. a6 Rb8 16. Kh1 fxe3 17. Bxe3 bxa6 18. Ne4 Nd5 19. Bh6 Qb6 20. Bxf8 Bxf8 21. Bxd5 cxd5 22. Nc5 Qxb2 23. Qxb2 Rxb2 24. Rab1 Rxb1 25. Rxb1 Nb6 26. Ra1 Bg7 27. Nb3 Kf8 28. Rxa6 Nc4 29. Rxa7 Ne3 30. g4 f5 31. Nc5 Kg8 32. Ne6 Bf6 33. g5 Bh8 34. Ra8+ Kf7 35. Rxh8 Kxe6 1-0

[Event "TUR-chT"]
[Site "Kocaeli"]
[Date "2015.08.08"]
[Round "5.5"]
[White "Volkov, Sergey"]
[Black "Karaahmetoglu, Ege"]
[Result "1-0"]
[WhiteElo "2589"]
[BlackElo "2032"]
[PlyCount "55"]
[EventDate "2015.08.04"]
[EventType "team-tourn"]
[EventRounds "13"]
[EventCountry "TUR"]
[SourceTitle "CBM 167 Extra"]
[Source "ChessBase"]
[SourceDate "2015.09.14"]
[SourceVersion "1"]
[SourceVersionDate "2015.09.14"]
[SourceQuality "1"]
[WhiteTeam "Kocaeli Buyuksehir"]
[BlackTeam "Ankara Demirspor"]
[WhiteTeamCountry "TUR"]
[BlackTeamCountry "TUR"]

1. d4 d5 2. c4 c6 3. e3 Nf6 4. Nc3 e6 5. Nf3 Nbd7 6. Bd3 Bd6 7. 0-0 0-0 8. e4 dxc4 9. Bxc4 e5 10. Bg5 Qe7 11. d5 Nb6 12. Nd2 h6 13. Bh4 g5 14. Bg3 Kg7 15. Rc1 Bd7 16. Qe2 Rac8 17. Bb3 Rfe8 18. Rfe1 Nh7 19. Nf1 Nf8 20. Ne3 Ng6 21. dxc6 bxc6 22. Nf5+ Bxf5 23. exf5 Nf4 24. Qf3 Nd7 25. Bxf4 gxf4 26. Qg4+ Qg5 27. Qxg5+ hxg5 28. Rcd1 1-0

[Event "TUR-chT"]
[Site "Kocaeli"]
[Date "2015.08.06"]
[Round "3.4"]
[White "Karaahmetoglu, Ege"]
[Black "Yaran, Siar"]
[Result "0-1"]
[WhiteElo "2032"]
[BlackElo "2179"]
[PlyCount "166"]
[EventDate "2015.08.04"]
[EventType "team-tourn"]
[EventRounds "13"]
[EventCountry "TUR"]
[SourceTitle "CBM 167 Extra"]
[Source "ChessBase"]
[SourceDate "2015.09.14"]
[SourceVersion "1"]
[SourceVersionDate "2015.09.14"]
[SourceQuality "1"]
[WhiteTeam "Ankara Demirspor"]
[BlackTeam "Kahramanmaras Buyuksehir"]
[WhiteTeamCountry "TUR"]
[BlackTeamCountry "TUR"]

1. e4 e5 2. Nc3 Nc6 3. g3 f5 4. d3 Nf6 5. Bg2 fxe4 6. dxe4 Bc5 7. Nf3 0-0 8. 0-0 d6 9. Na4 Bb6 10. Nxb6 axb6 11. Qe2 Bg4 12. c3 Qd7 13. Rd1 Qf7 14. h3 Bxf3 15. Bxf3 Rxa2 16. Rxa2 Qxa2 17. Be3 Na5 18. b4 Qxe2 19. Bxe2 Nc6 20. Bc4+ Kh8 21. f3 Ra8 22. Rd2 g6 23. Ra2 Rxa2 24. Bxa2 Kg7 25. Kf2 b5 26. Bb3 Ne7 27. Bg5 Nc8 28. Be3 Ne7 29. Ba2 b6 30. Ke2 d5 31. Kd3 dxe4+ 32. fxe4 Nc8 33. Bg5 Nd6 34. Bd5 h6 35. Bxf6+ Kxf6 36. Bc6 Kg5 37. Ke2 h5 38. Kf2 h4 39. Kf3 Nc4 40. gxh4+ Kxh4 41. Bxb5 Nd6 42. Bd7 c5 43. bxc5 bxc5 44. Ke3 Kg3 45. Be6 Nb5 46. Kd3 Nd6 47. Ke3 Kg2 48. Bd7 Kg3 49. Be6 g5 50. Bf5 Kg2 51. Bd7 Nc4+ 52. Kd3 Nb6 53. Be6 Kf3 54. Bf7 Kf4 55. Be6 Kf3 56. Bf7 Kg3 57. Be6 Kf4 58. Bf7 Nc8 59. Be6 Nd6 60. Bd5 Kf3 61. Bg8 Kf4 62. Bd5 Kg3 63. Be6 Kf2 64. Bd5 Kf3 65. Bg8 Kf4 66. Bd5 c4+ 67. Bxc4 Nxe4 68. Bd5 Nf2+ 69. Ke2 Nxh3 70. Bg2 g4 71. c4 Ng5 72. Bd5 Ne4 73. Ba8 g3 74. Kf1 Nd2+ 75. Kg2 Nxc4 76. Bb7 Ne3+ 77. Kg1 e4 78. Ba6 Nf5 79. Bb5 e3 80. Kf1 Nd4 81. Ba6 e2+ 82. Bxe2 Nxe2 83. Kg2 Nc1 0-1

[Event "Manavgat Turkey Cup"]
[Site "Manavgat"]
[Date "2015.02.07"]
[Round "11"]
[White "Karaahmetoglu, Ege"]
[Black "Uysal, Burak"]
[Result "1/2-1/2"]
[WhiteElo "1837"]
[BlackElo "2053"]
[PlyCount "116"]
[EventDate "2015.01.31"]
[EventType "swiss"]
[EventRounds "11"]
[EventCountry "TUR"]
[SourceTitle "CBM 164 Extra"]
[Source "ChessBase"]
[SourceDate "2015.03.02"]
[SourceVersion "1"]
[SourceVersionDate "2015.03.02"]
[SourceQuality "1"]

1. e4 e6 2. d4 d5 3. Nc3 Nc6 4. Bb5 Nge7 5. Nf3 a6 6. Bxc6+ Nxc6 7. 0-0 Be7 8. e5 0-0 9. Be3 Na5 10. b3 b6 11. Ne2 c5 12. c3 Nc6 13. Nd2 cxd4 14. cxd4 f6 15. f4 Bd7 16. Nf3 Rc8 17. Qd2 f5 18. Rfc1 Ba3 19. Rc2 Qe7 20. Qd1 Nb4 21. Rxc8 Rxc8 22. Bc1 Nc2 23. Rb1 Bb5 24. Kf2 Rc6 25. g3 Qc7 26. Bxa3 Bxe2 27. Qxe2 Nxa3 28. Rb2 Nb5 29. a4 Nc3 30. Qd3 Ne4+ 31. Kg2 Rc3 32. Qe2 b5 33. axb5 axb5 34. Qxb5 Rc2+ 35. Rxc2 Qxc2+ 36. Kh3 Nf2+ 37. Kh4 Qc8 38. Qb6 h6 39. b4 Kh7 40. b5 Qe8 41. Qb7 Qd8+ 42. Kh5 Qe8+ 43. Kh4 Qg6 44. h3 Ne4 45. g4 fxg4 46. hxg4 Nf2 47. Kg3 Nxg4 48. Nh4 Qh5 49. Qe7 Ne3 50. Qxe6 Nf1+ 51. Kh3 Qe2 52. Qg6+ Kg8 53. Qe6+ Kh7 54. Qf5+ Kg8 55. Qc8+ Kh7 56. Qf5+ Kg8 57. Qe6+ Kh7 58. Qg6+ Kg8 1/2-1/2

[Event "Manavgat Turkey Cup"]
[Site "Manavgat"]
[Date "2015.02.05"]
[Round "9"]
[White "Karaahmetoglu, Ege"]
[Black "Sertbay, Huseyin"]
[Result "1-0"]
[WhiteElo "1837"]
[BlackElo "2030"]
[PlyCount "49"]
[EventDate "2015.01.31"]
[EventType "swiss"]
[EventRounds "11"]
[EventCountry "TUR"]
[SourceTitle "CBM 164 Extra"]
[Source "ChessBase"]
[SourceDate "2015.03.02"]
[SourceVersion "1"]
[SourceVersionDate "2015.03.02"]
[SourceQuality "1"]

1. e4 c5 2. Nf3 e6 3. c3 Nf6 4. Bd3 d5 5. e5 Nfd7 6. Bc2 d4 7. 0-0 Nc6 8. Re1 Qc7 9. cxd4 cxd4 10. Ba4 Bc5 11. d3 0-0 12. Bxc6 Qxc6 13. Nbd2 f6 14. exf6 gxf6 15. Qb3 Nb6 16. Ne4 Nd5 17. Bh6 Qb6 18. Nxc5 Qxc5 19. Bxf8 Kxf8 20. Rac1 Qb4 21. Qc4 Qxc4 22. Rxc4 e5 23. Nxe5 fxe5 24. Rxe5 Ne7 25. Rxd4 1-0